<?xml version="1.0" encoding="UTF-8"?><record xmlns="http://www.loc.gov/MARC21/slim" xmlns:zs="http://docs.oasis-open.org/ns/search-ws/sruResponse">
  <leader>02745cas a2200613 a 4500</leader>
  <controlfield tag="001">20014738</controlfield>
  <controlfield tag="008">840306d18441uuuiluwn ne      0   a0eng c</controlfield>
  <controlfield tag="005">20250820104659.9</controlfield>
  <datafield ind1=" " ind2=" " tag="010">
    <subfield code="a">sn 84024082 </subfield>
  </datafield>
  <datafield ind1=" " ind2=" " tag="019">
    <subfield code="a">210491831</subfield>
  </datafield>
  <datafield ind1="0" ind2=" " tag="022">
    <subfield code="a">2575-0933</subfield>
    <subfield code="2">1</subfield>
  </datafield>
  <datafield ind1=" " ind2=" " tag="035">
    <subfield code="a">(OCoLC)10489466</subfield>
  </datafield>
  <datafield ind1=" " ind2=" " tag="040">
    <subfield code="a">NPV</subfield>
    <subfield code="b">eng</subfield>
    <subfield code="c">NPV</subfield>
    <subfield code="d">NPX</subfield>
    <subfield code="d">NPV</subfield>
    <subfield code="d">NVF</subfield>
    <subfield code="d">CVF</subfield>
    <subfield code="d">OCL</subfield>
    <subfield code="d">NVF</subfield>
    <subfield code="d">OCLCF</subfield>
    <subfield code="d">NVF</subfield>
    <subfield code="d">OCLCO</subfield>
    <subfield code="d">NVF</subfield>
    <subfield code="d">DLC</subfield>
    <subfield code="d">AQM</subfield>
    <subfield code="d">OCLCQ</subfield>
    <subfield code="d">OCLCL</subfield>
  </datafield>
  <datafield ind1=" " ind2=" " tag="042">
    <subfield code="a">pcc</subfield>
    <subfield code="a">nsdp</subfield>
  </datafield>
  <datafield ind1=" " ind2=" " tag="043">
    <subfield code="a">n-us-il</subfield>
  </datafield>
  <datafield ind1="0" ind2="0" tag="050">
    <subfield code="a">Newspaper</subfield>
  </datafield>
  <datafield ind1="0" ind2="0" tag="082">
    <subfield code="a">071</subfield>
    <subfield code="2">23</subfield>
    <subfield code="1">https://id.oclc.org/worldcat/ddc/E4dfHGhx3CP9J6H88DhYHkwpGh</subfield>
  </datafield>
  <datafield ind1=" " ind2="0" tag="222">
    <subfield code="a">Juliet signal</subfield>
    <subfield code="b">(Print)</subfield>
  </datafield>
  <datafield ind1="0" ind2="0" tag="245">
    <subfield code="a">Juliet signal.</subfield>
  </datafield>
  <datafield ind1="1" ind2=" " tag="246">
    <subfield code="i">Published as:</subfield>
    <subfield code="a">Joliet signal</subfield>
    <subfield code="f">&lt;Apr. 1, 1845-Apr. 20, 1886&gt;</subfield>
  </datafield>
  <datafield ind1=" " ind2=" " tag="260">
    <subfield code="a">Juliet [i.e. Joliet], Ill. :</subfield>
    <subfield code="b">S.W. Randall,</subfield>
    <subfield code="c">1844-[1---?]</subfield>
  </datafield>
  <datafield ind1="2" ind2=" " tag="260">
    <subfield code="3">&lt;1846&gt;-&lt;&gt;</subfield>
    <subfield code="a">Joliet, Ill. :</subfield>
    <subfield code="b">A. Stllman</subfield>
  </datafield>
  <datafield ind1="2" ind2=" " tag="260">
    <subfield code="3">&lt;June 23, 1846&gt;-&lt;&gt;</subfield>
    <subfield code="a">Joliet, Ill. :</subfield>
    <subfield code="b">C. &amp; C. Zarley</subfield>
  </datafield>
  <datafield ind1="3" ind2=" " tag="260">
    <subfield code="3">&lt;1874&gt;</subfield>
    <subfield code="a">Joliet, Ill. :</subfield>
    <subfield code="b">Zarley &amp; Co.</subfield>
  </datafield>
  <datafield ind1=" " ind2=" " tag="300">
    <subfield code="a">volumes :</subfield>
    <subfield code="b">illustrations ;</subfield>
    <subfield code="c">57 cm</subfield>
  </datafield>
  <datafield ind1=" " ind2=" " tag="310">
    <subfield code="a">Weekly (except last week in Dec.)</subfield>
  </datafield>
  <datafield ind1=" " ind2=" " tag="321">
    <subfield code="a">Weekly,</subfield>
    <subfield code="b">&lt;May 5, 1846&gt;-&lt;Dec. 26, 1848&gt;</subfield>
  </datafield>
  <datafield ind1=" " ind2=" " tag="336">
    <subfield code="a">text</subfield>
    <subfield code="b">txt</subfield>
    <subfield code="2">rdacontent</subfield>
  </datafield>
  <datafield ind1=" " ind2=" " tag="337">
    <subfield code="a">unmediated</subfield>
    <subfield code="b">n</subfield>
    <subfield code="2">rdamedia</subfield>
  </datafield>
  <datafield ind1=" " ind2=" " tag="338">
    <subfield code="a">volume</subfield>
    <subfield code="b">nc</subfield>
    <subfield code="2">rdacarrier</subfield>
  </datafield>
  <datafield ind1="1" ind2=" " tag="362">
    <subfield code="a">Began in 1844.</subfield>
  </datafield>
  <datafield ind1=" " ind2=" " tag="500">
    <subfield code="a">In 1845, local residents changed the spelling of Juliet, Ill. to Joliet.</subfield>
  </datafield>
  <datafield ind1=" " ind2=" " tag="500">
    <subfield code="a">"Official paper of the city," Jan. 1, 1861-&lt;&gt;.</subfield>
  </datafield>
  <datafield ind1=" " ind2=" " tag="515">
    <subfield code="a">Issue for v. 5, no. 10 (Aug. 17, 1847) erroneously designated as v. 5, no. 10 (Aug. 16, 1847).</subfield>
  </datafield>
  <datafield ind1=" " ind2=" " tag="530">
    <subfield code="a">Also issued via the World Wide Web.</subfield>
  </datafield>
  <datafield ind1=" " ind2=" " tag="530">
    <subfield code="a">Archived issues are available in digital format from the Library of Congress Chronicling America online collection.</subfield>
  </datafield>
  <datafield ind1=" " ind2=" " tag="588">
    <subfield code="a">Description based on: Vol. 2, no. 37 (Feb. 25, 1845).</subfield>
  </datafield>
  <datafield ind1=" " ind2=" " tag="588">
    <subfield code="a">Latest issue consulted: Apr. 7, 1893.</subfield>
  </datafield>
  <datafield ind1=" " ind2="0" tag="651">
    <subfield code="a">Joliet (Ill.)</subfield>
    <subfield code="v">Newspapers.</subfield>
  </datafield>
  <datafield ind1=" " ind2="7" tag="651">
    <subfield code="a">Illinois</subfield>
    <subfield code="z">Joliet.</subfield>
    <subfield code="2">fast</subfield>
    <subfield code="0">(OCoLC)fst01205950</subfield>
    <subfield code="1">https://id.oclc.org/worldcat/entity/E39PBJjRXRvPcKWfCTJcv767pP</subfield>
  </datafield>
  <datafield ind1=" " ind2="7" tag="655">
    <subfield code="a">Newspapers.</subfield>
    <subfield code="2">fast</subfield>
    <subfield code="0">(OCoLC)fst01423814</subfield>
  </datafield>
  <datafield ind1=" " ind2="7" tag="655">
    <subfield code="a">Gazettes.</subfield>
    <subfield code="2">ngl</subfield>
  </datafield>
  <datafield ind1=" " ind2="7" tag="655">
    <subfield code="a">Newspapers.</subfield>
    <subfield code="2">rbgenr</subfield>
  </datafield>
  <datafield ind1=" " ind2="7" tag="655">
    <subfield code="a">Newspapers.</subfield>
    <subfield code="2">rbmscv</subfield>
  </datafield>
  <datafield ind1=" " ind2=" " tag="752">
    <subfield code="a">United States</subfield>
    <subfield code="b">Illinois</subfield>
    <subfield code="c">Will County</subfield>
    <subfield code="d">Juliet.</subfield>
  </datafield>
  <datafield ind1=" " ind2=" " tag="752">
    <subfield code="a">United States</subfield>
    <subfield code="b">Illinois</subfield>
    <subfield code="c">Will County</subfield>
    <subfield code="d">Joliet.</subfield>
  </datafield>
  <datafield ind1="0" ind2="8" tag="776">
    <subfield code="i">Online version:</subfield>
    <subfield code="t">Joliet signal</subfield>
    <subfield code="x">2575-0941</subfield>
    <subfield code="w">(DLC)  2017218855</subfield>
    <subfield code="w">(OCoLC)862973259</subfield>
  </datafield>
  <datafield ind1="0" ind2="0" tag="780">
    <subfield code="t">Signal (Juliet, Ill.)</subfield>
    <subfield code="w">(DLC)sn 93057118</subfield>
    <subfield code="w">(OCoLC)28693215</subfield>
  </datafield>
  <datafield ind1="4" ind2="1" tag="859">
    <subfield code="u">http://www.loc.gov/chroniclingamerica/lccn/sn84024082/issues</subfield>
  </datafield>
  <datafield ind1=" " ind2=" " tag="906">
    <subfield code="a">7</subfield>
    <subfield code="b">cbc</subfield>
    <subfield code="c">sercoop</subfield>
    <subfield code="d">2</subfield>
    <subfield code="e">ncip</subfield>
    <subfield code="f">19</subfield>
    <subfield code="g">n-oclcserc</subfield>
  </datafield>
  <datafield ind1="0" ind2=" " tag="925">
    <subfield code="a">Acquire</subfield>
    <subfield code="b">1 shelf copy</subfield>
    <subfield code="x">policy default 2017-09-20</subfield>
  </datafield>
  <datafield ind1=" " ind2=" " tag="955">
    <subfield code="b">sr02 2017-09-20</subfield>
    <subfield code="k">sr02 2017-09-20</subfield>
  </datafield>
  <datafield ind1=" " ind2=" " tag="955">
    <subfield code="a">LCAP batch update 2025-06-26-04:00: LCAPM-893</subfield>
  </datafield>
  <datafield ind1=" " ind2=" " tag="985">
    <subfield code="a">serpull/chronam</subfield>
    <subfield code="e">ndnp</subfield>
  </datafield>
</record>
